• 首页
  • 本馆介绍
  • 公告通知
  • 最新文献
  • 馆藏检索
  • 电子资源
  • 读者导购
  • 参考咨询
  • 我的图书馆
  • 登录
  • 详细信息显示
  • 放入我的书架
  • 预约/预借图书
  • 作者相关作品
  • 分类相关作品
  • 丛书相关作品
  • 出版社相关作品

书目信息

  • 表格格式
  • 工作单格式
  • 卡片格式
题名:
故宫盗宝案真相
    
 
作者: 吴景洲 著
分册:  
出版信息: 北京   文史资料出版社  1983
页数: 226页
开本: 19cm
丛书名:
单 册:
中图分类: I253 , G269.29
科图分类:
主题词: 特写(文学)--中国--现代 , 博物馆事业 , 博物馆学
电子资源:
ISBN:
000 00698nam0 2200265 45
001 0183002015
005 20060912112431.56
010    @dCNY0.85
091    @a11224.112
100    @a19950608d1983 em y0chiy0121 ea
101 0  @achi
102    @aCN@b110000
105    @ay z 000zy
200 10 @a故宫盗宝案真相@Agu gong dao bao an zhen xiang@f吴景洲著
210    @a北京@c文史资料出版社@d1983
215    @a226页@d19cm
606    @a特写(文学)@y中国@z现代
606 0  @a博物馆事业
606 0  @a博物馆学
690    @aI253@v3
690    @aG269.29
701  0 @a吴景洲@Awu jing zhou@4著
801  2 @aCN@bNLC@c20060912
801  0 @aCN@b上海图书馆@c20060820
905    @f2@b88886-887@dG269.29@e2
    
    故宫盗宝案真相/吴景洲著.-北京:文史资料出版社,1983
    226页;19cm
    
    
    ISBN :CNY0.85
    
●
相关链接 在E读中查询图书 在五车中查询图书 在当当中查询图书 在豆瓣中查询图书


正题名:故宫盗宝案真相     索取号:G269.29/2         预约/预借

序号 登录号 条形码 馆藏地/架位号 状态 备注
1 0088886   000989880   第四借阅区/ [索取号:G269.29/2] 在馆    
2 0088887   000989826   第四借阅区/ [索取号:G269.29/2] 在馆    
3 0088888   000989817   第一样本阅览室/ [索取号:G269.29/2] 在馆    
4 0459120   204591209   密集书库/ [索取号:G269.29/2] 在馆    
5 0459121   204591218   密集书库/ [索取号:G269.29/2] 在馆    
6 0459122   204591227   密集书库/ [索取号:G269.29/2] 在馆    
7 0471350   204713505   密集书库/ [索取号:G269.29/2] 在馆    
8 0473997   204739970   密集书库/ [索取号:G269.29/2] 在馆    
唐山师范学院图书馆 欢迎您!
大连网信软件有限公司© 版权所有